| 000 | 00767nam a2200229 a 4500 | ||
|---|---|---|---|
| 999 |
_c11424 _d11424 |
||
| 001 | 11424 | ||
| 003 | BD-JhCC | ||
| 005 | 20190919132230.0 | ||
| 008 | 190612b 2011bg a|||| ||a| 000 0 mul d | ||
| 020 | _a9840850704 | ||
| 035 | _a(BD-JhCC)11424 | ||
| 040 |
_aBD-JhCC _dBD-JhCC |
||
| 041 | _amul | ||
| 082 |
_bJAH 2011 _a582.13095492 |
||
| 100 | _aজাহান, এন. এস. নওরোজ | ||
| 245 |
_aবাংলাদেশের ফুলের রাজ্য / _cএন. এস. নওরোজ জাহান । |
||
| 260 |
_aঢাকা: _bবাংলা একাডেমী; _c২০১১. |
||
| 300 |
_a২২৪ পৃ. : _bill; _c২৬ সেমি. |
||
| 650 |
_aFlowers _zBangladesh |
||
| 942 |
_2ddc _cBK |
||